| 000 | 00614nam a2200241 a 4500 | ||
|---|---|---|---|
| 001 | nice12345678 | ||
| 003 | IN_TiNIC | ||
| 005 | 20260116012823.0 | ||
| 008 | 050524s1983 ista grp 000 0 eng | ||
| 020 |
_a _c100 |
||
| 082 | 0 | 0 |
_a297.65 _bRES |
| 100 | _aResearch Centre, | ||
| 245 | _aResearch Centre for Islamic History | ||
| 260 |
_aIstanbul _bResearch Centre for Islamichistory _c1983 |
||
| 300 | _a45p | ||
| 500 | _aincludes index and biblioraphy | ||
| 505 | 2 | _aBibliography | |
| 650 | _aIslam-Organizations | ||
| 700 | 1 | _aResearch Centre, | |
| 902 | _bSRS | ||
| 942 | _cBK | ||
| 999 |
_c8515 _d8515 |
||